<?xml version="1.0" encoding="UTF-8"?>
<record
    xmlns:xsi="http://www.w3.org/2001/XMLSchema-instance"
    xsi:schemaLocation="http://www.loc.gov/MARC21/slim http://www.loc.gov/standards/marcxml/schema/MARC21slim.xsd"
    xmlns="http://www.loc.gov/MARC21/slim">

  <leader>00859pam a2200181 a 4500</leader>
  <datafield tag="020" ind1=" " ind2=" ">
    <subfield code="a">9024737710</subfield>
  </datafield>
  <datafield tag="082" ind1="0" ind2="0">
    <subfield code="a">624.1</subfield>
    <subfield code="b">STR</subfield>
    <subfield code="c">L-20, P-200</subfield>
  </datafield>
  <datafield tag="245" ind1="1" ind2="0">
    <subfield code="a">Structural optimization :</subfield>
    <subfield code="b">proceedings of the IUTAM Symposium on Structural Optimization, Melbourne, Australia, 9-13 February 1988 /</subfield>
    <subfield code="c">edited by G.I.N. Rozvany and B.L. Karihaloo.</subfield>
  </datafield>
  <datafield tag="260" ind1=" " ind2=" ">
    <subfield code="a">Dordrecht ;</subfield>
    <subfield code="a">Boston :</subfield>
    <subfield code="b">Kluwer Academic Publishers ;</subfield>
    <subfield code="a">Norwell, MA, U.S.A. :</subfield>
    <subfield code="b">Sold and distributed in the U.S.A. and Canada by Kluwer Academic Group,</subfield>
    <subfield code="c">c1988.</subfield>
  </datafield>
  <datafield tag="300" ind1=" " ind2=" ">
    <subfield code="a">xviii, 403 p. :</subfield>
    <subfield code="b">ill. ;</subfield>
    <subfield code="c">25 cm.</subfield>
  </datafield>
  <datafield tag="526" ind1=" " ind2=" ">
    <subfield code="a">0</subfield>
    <subfield code="b">0</subfield>
    <subfield code="c">0</subfield>
    <subfield code="d">624_100000000000000_STR</subfield>
  </datafield>
  <datafield tag="650" ind1=" " ind2="0">
    <subfield code="a">MCE</subfield>
    <subfield code="9">379</subfield>
  </datafield>
  <datafield tag="650" ind1=" " ind2="0">
    <subfield code="a">Structural optimization</subfield>
    <subfield code="x">Congresses.</subfield>
    <subfield code="9">42325</subfield>
  </datafield>
  <datafield tag="700" ind1="1" ind2=" ">
    <subfield code="a">Karihaloo, B. L.</subfield>
    <subfield code="9">42326</subfield>
  </datafield>
  <datafield tag="700" ind1="1" ind2=" ">
    <subfield code="a">Rozvany, G. I. N.</subfield>
    <subfield code="9">42327</subfield>
  </datafield>
  <datafield tag="710" ind1="2" ind2=" ">
    <subfield code="a">International Union of Theoretical and Applied Mechanics.</subfield>
    <subfield code="9">40714</subfield>
  </datafield>
  <datafield tag="942" ind1=" " ind2=" ">
    <subfield code="2">ddc</subfield>
    <subfield code="c">BK</subfield>
  </datafield>
  <datafield tag="999" ind1=" " ind2=" ">
    <subfield code="c">546236</subfield>
    <subfield code="d">546236</subfield>
  </datafield>
  <datafield tag="952" ind1=" " ind2=" ">
    <subfield code="0">0</subfield>
    <subfield code="1">0</subfield>
    <subfield code="2">ddc</subfield>
    <subfield code="4">0</subfield>
    <subfield code="7">0</subfield>
    <subfield code="a">MCE</subfield>
    <subfield code="b">MCE</subfield>
    <subfield code="d">2014-06-05</subfield>
    <subfield code="l">0</subfield>
    <subfield code="o">624.1 STR</subfield>
    <subfield code="p">MCE-27874</subfield>
    <subfield code="r">2014-06-05</subfield>
    <subfield code="w">2014-06-05</subfield>
    <subfield code="y">BK</subfield>
  </datafield>
</record>
